| 000 | 00475nam a2200169Ia 4500 | ||
|---|---|---|---|
| 999 |
_c225 _d225 |
||
| 003 | OSt | ||
| 005 | 20210909115712.0 | ||
| 008 | 190216s9999||||xx |||||||||||||| ||und|| | ||
| 040 | _coclc | ||
| 082 |
_a492.70141 _bANE/B |
||
| 100 |
_aAneen, Musthafa _98819 |
||
| 245 | 0 |
_aAl Bhulagatul Wadiah / _cMusthafa Aneen |
|
| 260 |
_bDarul Quran Ul Kareem, _aBeirut: |
||
| 300 | _a300p | ||
| 650 | _aArabic | ||
| 942 |
_cBK _2ddc _h492.70141 _iANE/B _k492.70141 _mANE/B |
||